LEADER 01331nam a2200301 u 4500 001 000000039422 003 CaOOAMICUS 005 20070226114004.0 008 980513s1904 gw u000 u lat u 035 $a10794320 040 $aPUL(R)$bita 130 0 $aCorpus iuris civilis.$0(OLS)http://pul/title/21481 245 10$aCorpus iuris civilis.$n3,$pNovellae /$crecognovit Rudolfus Schoell; Opus schoelli morte interceptum absolvit Guilelmus Kroll. 246 33$aNovellae 260 $aBerolini :$bWeidmannos,$c1904. 300 $a813 p. ;$c25 cm 500 $aInclude indici. 500 $aEd. stereotypa tertia. 630 04$aCorpus iuris civilis$f1599.$0(OLS)http://pul/subject/9124 650 4$aDiritto romano$xFonti.$0(OLS)http://pul/subject/1707 700 1 $aKroll, Wilhelm,$d1869-1939.$0(OLS)http://pul/name/4656 700 1 $aSchöll, Rudolf,$d1844-1893.$0(OLS)http://pul/name/13975 850 $aPUL 852 $aPUL$W1$xDP1 Diritto e Scienze Sociali 2$y90$mApudBibl B 3$j53645$nBK-PRI$b $qStampati altre collocazioni$B53645$CPULBib$Z2$F53645 $H $81 941 1 $a10 996 $6245$aCorpus iuris civilis.$n3,$pNovellae$9(OLS)http://pul/title/53366 996 $6246$aNovellae$9(OLS)http://pul/title/53367 996 $6260$aBerolini :$bWeidmannos$9(OLS)http://pul/publisher/64013 LEADER 01441nam a2200301 u 4500 001 000000052659 003 CaOOAMICUS 005 20070226115455.0 008 001023s1995 it u000 u ita u 020 $a88-14-05077-5 035 $a10859029 040 $aMSA$bita 110 1 $aItalia.$0(OLS)http://pul/name/1188 240 10$aCodice di procedura penale$9(Italia).$0(OLS)http://pul/title/69944 245 13$aIl Codice di procedura penale e le altre nuove norme del processo penale /$c[a cura di] Giovanni Conso. 250 $aEd. aggiornata al 20 ottobre 1995. 260 $aMilano :$bGiuffrè,$c1995. 300 $axix, 1162 p. ;$c17 cm 490 1 $aRaccolte legislative per l'università, i concorsi e la professione 650 4$aProcedura penale$zItalia.$0(OLS)http://pul/subject/12686 700 1 $aConso, Giovanni.$0(OLS)http://pul/name/15769 830 0$aRaccolte legislative per l'università, i concorsi e la professione.$0(OLS)http://pul/title/70604 850 $aPUL 852 $aPUL$W1$xDP2 Diritto e Scienze Sociali 2$y100$mUtrCiv E 10$j69586$nBK-PRI$qStampati Altre Collocazioni$B69586$CPULBib$Z2$F69586 $H74347 $82 941 1 $a10 996 $6020$a88-14-05077-5$9(OLS)http://pul/number/66450 996 $6245$aIl Codice di procedura penale e le altre nuove norme del processo penale$9(OLS)http://pul/title/70603 996 $6260$aMilano :$bGiuffrè$9(OLS)http://pul/publisher/48401